Noms des Winx - Statistiques

Statistiques générales
  • Ce quiz a été pris 526 fois
  • Le résultat moyen est 6 sur 6
Statistiques - réponses
Noms % Correct
Bloom
98%
Stella
98%
Flora
97%
Musa
95%
Tecna
92%
Layla
83%
Aucun quiz correspondant
Distribution des résultats
% des personnes avec chaque résultat
Percentile par nombre de réponses
Votre historique - résultats
Vous n’avez pas pris ce quiz